00327nam a2200133Ia 4500008004100000020001600041041001200057082001600069100001700085245003900102260003100141300001000172650001100182221030s9999 xx 000 0 und d a81865550408 aEnglish a105.23bMit aG. K. Mithal 0aBasic Electronicscby G. K. Mithal bLaxmi PubaNew Delhic1998 a17.14 aBB ECE